000 00651nam a2200217Ia 4500
005 20241129115834.0
008 241129s9999||||xx |||||||||||||| ||und||
020 _a9781138038318
037 _aTB
040 _aSDCL
_beng
_cSDCL
041 _aeng
_2eng
084 _aV2:9'P, Q7
_qSDCL
100 _aPalshikar Suhas Ed.; Kumar Sanjay Ed.; Lodha Sanjay Ed.
_9728473
245 0 _aElectoral politics in India : The resurgence of the Bhartiya Janata Party
260 _aLondon
_bRoutledge
_c2017
300 _axxiv,311p.
365 _aINR
_b1495
650 _aPolitical Science
942 _cTB
_hV2:9'P, Q7
999 _c1232240
_d1232240